000 00958nam a2200253 i 4500
001 56363
003 ES-MaACL
005 20260301183118.0
007 t|
008 031008s1982 sp ||||1| spa d
130 0 _aBiblia.
_pA.T.
_pSalmos.
_lArameo.
_9160106
245 1 0 _aTargum de Salmos /
_cJesús Díez Merino.
250 _aedición príncipe del Ms. Villa-Amil nº5 de Alfonso.
260 _aMadrid :
_bInstituto Francisco Suárez,
_c1982.
300 _a476 p. ;
_c24 cm.
490 1 _aBibliotheca Hispana Bíblica ;
_v6
490 1 _aBiblia Políglota Complutense. Tradición sefardía de la Biblia Aramea IV ;
_v1
700 0 _aDíez Merino, Jesús.
_944752
700 1 _aAlfonso de Zamora,
_d1474?-1531?
_9160107
830 0 _aBibliotheca Hispana Bíblica ;
_v6
_9230383
830 0 _aBiblia Políglota Complutense. Tradición sefardía de la Biblia Aramea IV ;
_v1
_9230384
852 _aES-MaACL
_jL-5881
999 _c56363
_d56363